Mystery Taylor Swift Song #60 - Statistics

General Stats
  • This quiz has been taken 460 times
    303 since last reset
  • The average score is 136 of 248
Answer Stats
Song % Correct
love
97%
the
96%
I
95%
a
94%
you
94%
your
92%
my
90%
and
89%
me
89%
to
89%
He
88%
I'm
88%
in
88%
it
88%
on
88%
we
88%
"But
87%
But
87%
ever
87%
No
87%
Who
86%
Daddy
85%
not
85%
not,
85%
Then
85%
when
85%
him!"
84%
him
84%
see
84%
The Tortured Poets Department
84%
baby
83%
For
83%
his
83%
should
83%
this
81%
was
81%
faces
80%
having
80%
they
80%
know
79%
Screaming
79%
with
79%
Now
78%
Too
78%
want
78%
"What
78%
dress
77%
if
77%
just
76%
of
76%
one
76%
he's
75%
It's
75%
all
74%
can
73%
cause
73%
is
73%
running
73%
I'll
72%
Down
71%
say
70%
were
70%
But Daddy I Love Him
69%
that
69%
best
68%
never
68%
only
68%
some
68%
unbuttoned
68%
don't
67%
how
67%
hate
66%
tell
66%
these
66%
at
65%
girl
65%
her
65%
God
64%
like
64%
mine
64%
their
64%
up
64%
crazy
63%
people
63%
sun
63%
thing
63%
coming
62%
won
62%
fences
61%
oh
61%
save
61%
wanted
61%
whole
61%
senses
60%
fun
59%
high
59%
I'd
59%
right
59%
can't
58%
'em.
58%
something
58%
above
57%
cage
57%
good
57%
life
57%
mess"
57%
Sunday
57%
West
57%
from
56%
Hannahs
56%
heart
56%
Sarahs
56%
world
56%
are
55%
door
55%
forget
55%
more
55%
rise
55%
through
55%
try
55%
boy
54%
does
54%
raise
54%
simple
54%
telling
54%
horse
53%
Than
53%
what's
53%
about
52%
had
52%
slammed
52%
change
51%
chaos
51%
learned
51%
most
51%
beat
50%
name
50%
bitching
49%
floor
49%
listen
49%
moaning
49%
second
49%
judgmental
48%
loves
48%
rather
48%
sighing
48%
Time
48%
away
47%
burn
47%
pearls
47%
Thinking
47%
touches
47%
alone
46%
disgrace
46%
pray
46%
much
45%
Stay
45%
ain't
44%
Clutching
44%
creeps
44%
eyes
44%
gotta
44%
Even
43%
hall
43%
performing
43%
revelry
43%
true
43%
undo
43%
city
42%
destiny
42%
dressed
42%
growing
42%
Growing
42%
vipers
42%
wild
42%
choice
41%
into
41%
plans
41%
cater
40%
clothing
40%
lady
40%
out
40%
over.
40%
sometimes
40%
chemistry
39%
come
39%
laid
39%
means
39%
protested
39%
daughter
38%
remedy
38%
white
38%
Bedroom
37%
Dutiful
37%
There's
37%
wedding
37%
braid
36%
counteract
36%
joy
36%
Sanctimoniously
36%
woven
36%
empath's
35%
fuck
35%
knows
35%
noise
35%
town
35%
dancing
34%
elders
34%
heard
34%
enough
33%
Lord
33%
soliloquies
33%
Soon
33%
Tendrils
33%
back
32%
convened
32%
saboteurs
32%
screeching
32%
tires
32%
tucked
32%
gray
31%
lot
31%
precocious
31%
things
31%
words
31%
still
30%
Went
30%
around
29%
fakest
29%
smiles
29%
came
28%
upon
28%
heat
27%
Bestow
26%
lovers
26%
closer
24%
funny
24%
wine
24%
brings
23%
died
23%
doesn't
23%
give
23%
moms
23%
parents
23%
holding
22%
perspective?
22%
pride
21%
Scandal
21%
No matching quizzes found
Score Distribution
Percent of People with Each Score
Percentile by Number Answered
Your Score History
You have not taken this quiz since the last reset